LEADER 01679oam 2200469M 450 001 9910716253303321 005 20200213070509.1 035 $a(CKB)5470000002519592 035 $a(OCoLC)1065779376 035 $a(OCoLC)995470000002519592 035 $a(EXLCZ)995470000002519592 100 $a20071213d1926 ua 0 101 0 $aeng 135 $aurcn||||||||| 181 $ctxt$2rdacontent 182 $cc$2rdamedia 183 $acr$2rdacarrier 200 10$aRobert Hofman. May 4, 1926. -- Committed to the Committee of the Whole House and ordered to be printed 210 1$a[Washington, D.C.] :$c[U.S. Government Printing Office],$d1926. 215 $a1 online resource (11 pages) 225 1 $aHouse report / 69th Congress, 1st session. House ;$vno. 1073 225 1 $a[United States congressional serial set ] ;$v[serial no. 8537] 300 $aBatch processed record: Metadata reviewed, not verified. Some fields updated by batch processes. 300 $aFDLP item number not assigned. 606 $aClaims 606 $aCourts-martial and courts of inquiry 606 $aMilitary discharge 606 $aSailors 608 $aLegislative materials.$2lcgft 615 0$aClaims. 615 0$aCourts-martial and courts of inquiry. 615 0$aMilitary discharge. 615 0$aSailors. 701 $aLineberger$b Walter Franklin$f1883-$pRepublican (CA)$01388523 801 0$bWYU 801 1$bWYU 801 2$bOCLCO 801 2$bOCLCQ 906 $aBOOK 912 $a9910716253303321 996 $aRobert Hofman. May 4, 1926. -- Committed to the Committee of the Whole House and ordered to be printed$93439206 997 $aUNINA LEADER 00626nam 2200205 450 001 996658867403316 005 20250605003300.0 010 $a9788885669581 100 $a20250605d1997----km y0itay5003 ba 105 $ay 00 y 200 1 $aSviluppo economico e società preindustriali. Cicli, strutture e congiunture in Europa dal medioevo alla prima età moderna 210 $aRoma$cViella$d1997 215 $dcm 606 0 $2BNCF 700 $aLuciano Palermo$0139809 801 0$aIT$bcba$gREICAT 912 $a996658867403316 959 $aBK 996 $aSviluppo economico e società preindustriali$9625022 997 $aUNISA